Carregant...

കണക്കിന്റെ കിളിവാതില്‍ /

Dades bibliogràfiques
Autor principal: ചന്ദ്രന്‍, എം. കെ
Altres autors: Chandran, M. K. (Editor)
Format: Printed Book
Idioma:English
Publicat: തൃശൂര്‍ : കേരള ശാസ്ത്രസാഹിത്യ പരിഷത്ത്, 2016.
Edició:6th ed.
Matèries:
LEADER 00841nam a22001817a 4500
008 191127b xxu||||| |||| 00| 0 eng d
999 |c 27825  |d 27825 
082 |a 510.3  |b CHA 
100 |a ചന്ദ്രന്‍, എം. കെ. 
240 |a Kanakkinte kilivathil 
245 |a കണക്കിന്റെ കിളിവാതില്‍ /  |c എഡിറ്റര്‍ : എം. കെ. ചന്ദ്രന്‍ 
250 |a 6th ed. 
260 |a തൃശൂര്‍ :  |b കേരള ശാസ്ത്രസാഹിത്യ പരിഷത്ത്,  |c 2016. 
300 |a 127p. 
650 |a Mathematics 
700 |a Chandran, M. K.  |e editor. 
942 |2 ddc  |c BK 
952 |0 0  |1 0  |2 ddc  |4 0  |6 510_300000000000000_CHA  |7 0  |9 38141  |a MAIN  |b MAIN  |d 2019-11-27  |e Kerala Sasthra sahithya parishath  |g 100.00  |o 510.3 CHA  |p 36600  |r 2019-11-27  |t 1  |w 2019-11-27  |y BK